MARC details
| 000 -CABECERA |
| campo de control de longitud fija |
01033nam a2200265 a 4500 |
| 003 - IDENTIFICADOR DEL NÚMERO DE CONTROL |
| campo de control |
DO-SdBNP |
| 005 - FECHA Y HORA DE LA ÚLTIMA TRANSACCIÓN |
| campo de control |
20221202143828.0 |
| 007 - CAMPO FIJO DE DESCRIPCIÓN FÍSICA--INFORMACIÓN GENERAL |
| campo de control de longitud fija |
ta |
| 008 - DATOS DE LONGITUD FIJA--INFORMACIÓN GENERAL |
| campo de control de longitud fija |
221202e200? dr ao||gr|||| 001 0 spa d |
| 040 ## - FUENTE DE LA CATALOGACIÓN |
| Centro catalogador/agencia de origen |
DO-SdBNP |
| Lengua de catalogación |
spa |
| Centro/agencia transcriptor |
BNPHU |
| 082 #4 - NÚMERO DE LA CLASIFICACIÓN DECIMAL DEWEY |
| Número de edición |
22 |
| Número de documento/Ítem |
B891v |
| 110 1# - ENTRADA PRINCIPAL--NOMBRE DE ENTIDAD CORPORATIVA |
| 9 (RLIN) |
22081 |
| Nombre de entidad corporativa o nombre de jurisdicción como elemento de entrada |
Fundación Brugal & Compañía |
| 245 10 - MENCIÓN DE TÍTULO |
| Título |
20 años de solidaridad, educación y desarrollo sostenible: |
| Resto del título |
Premios Brugal cree en su gente. / |
| Mención de responsabilidad, etc. |
Textos, Camilo Venega; Fotografías, David Nin y Orlando Barría; Ilustraciones, Miguel Llorea |
| 260 ## - PUBLICACIÓN, DISTRIBUCIÓN, ETC. |
| Lugar de publicación, distribución, etc. |
[Santo Domingo] : |
| Nombre del editor, distribuidor, etc. |
Brugal & Compañía, |
| Fecha de publicación, distribución, etc. |
[200?] |
| 300 ## - DESCRIPCIÓN FÍSICA |
| Extensión |
91 p. : |
| Otras características físicas |
il., forogr. |
| Material acompañante/anejo |
28 cm. |
| 590 ## - NOTA LOCAL (RLIN) |
| Nota local |
Inventariado 2022 / MF |
| 650 4# - PUNTO DE ACCESO ADICIONAL DE MATERIA--TÉRMINO DE MATERIA |
| 9 (RLIN) |
77729 |
| Término de materia o nombre geográfico como elemento de entrada |
Brugal & Compañía |
| Subdivisión de forma |
Premios |
| Subdivisión geográfica |
República Dominicana |
| 650 #4 - PUNTO DE ACCESO ADICIONAL DE MATERIA--TÉRMINO DE MATERIA |
| 9 (RLIN) |
5077 |
| Término de materia o nombre geográfico como elemento de entrada |
Arte y Cultura |
| Subdivisión de forma |
Premios |
| Subdivisión geográfica |
República Dominicana |
| 700 1# - PUNTO DE ACCESO ADICIONAL--NOMBRE DE PERSONA |
| 9 (RLIN) |
26200 |
| Nombre de persona |
Venegas, Camilo, |
| Fechas asociadas al nombre |
1967- |
| Término indicativo de función/relación |
texto |
| 700 1# - PUNTO DE ACCESO ADICIONAL--NOMBRE DE PERSONA |
| Nombre de persona |
Nin, David, |
| Término indicativo de función/relación |
fotogr. |
| 9 (RLIN) |
82967 |
| 700 1# - PUNTO DE ACCESO ADICIONAL--NOMBRE DE PERSONA |
| Nombre de persona |
Barría, Orlando, |
| Término indicativo de función/relación |
fotogr. |
| 9 (RLIN) |
82968 |
| 700 1# - PUNTO DE ACCESO ADICIONAL--NOMBRE DE PERSONA |
| Nombre de persona |
Llorea, Miguel, |
| Término indicativo de función/relación |
il. |
| 9 (RLIN) |
82969 |
| 910 ## - DATOS DE OPCIÓN DEL USUARIO (OCLC) |
| Datos de opción del usuario |
MFeliz |
| 942 ## - ELEMENTOS DE PUNTO DE ACCESO ADICIONAL (KOHA) |
| Fuente del sistema de clasificación o colocación |
Dewey Decimal Classification |
| Tipo de ítem Koha |
Libro |